[Event "ST-2013-0-00110"]
[Site "LSS email"]
[Date "2013.09.01"]
[Round "?"]
[White "Schlenther, Marco"]
[Black "Stastny, Pavel"]
[Result "1/2-1/2"]
[WhiteElo "2356"]
[BlackElo "2316"]
[PlyCount "74"]
[EventDate "2013.05.16"]
[EventType "tourn (corr)"]
[EventRounds "6"]
[EventCountry "GER"]
[SourceTitle "Corr 2015"]
[Source "ChessBase"]
[SourceDate "2015.07.17"]
[SourceVersion "1"]
[SourceVersionDate "2015.07.17"]
[SourceQuality "1"]

1. d4 d5 2. c4 e6 3. Nf3 Nf6 4. g3 Be7 5. Bg2 0-0 6. 0-0 dxc4 7. Ne5 c5 8. dxc5 Qc7 9. Nxc4 Rd8 10. Qa4 Qxc5 11. Nc3 Nc6 12. Be3 Qh5 13. Bb6 Re8 14. Bc7 Bd7 15. Bd6 Rac8 16. Qd1 e5 17. Bxe7 Rxe7 18. Nd6 Rb8 19. Qa4 Bg4 20. Bxc6 bxc6 21. f3 Bh3 22. Rfd1 Qh6 23. Kh1 Qe3 24. Rd3 Qf2 25. Rg1 e4 26. Ndxe4 Nxe4 27. Nxe4 Qxe2 28. Qb3 Ree8 29. Re3 Qb5 30. Qxb5 cxb5 31. g4 h5 32. gxh5 Kf8 33. Ra3 Ra8 34. b4 a6 35. Rg3 Bd7 36. h6 gxh6 37. Nf6 Re1+ 1/2-1/2

[Event "ST-2013-0-00110"]
[Site "LSS email"]
[Date "2013.08.31"]
[Round "?"]
[White "Muhl, Patrick"]
[Black "Stastny, Pavel"]
[Result "1/2-1/2"]
[WhiteElo "2287"]
[BlackElo "2316"]
[PlyCount "48"]
[EventDate "2013.05.16"]
[EventType "tourn (corr)"]
[EventRounds "6"]
[EventCountry "GER"]
[SourceTitle "Corr 2015"]
[Source "ChessBase"]
[SourceDate "2015.07.17"]
[SourceVersion "1"]
[SourceVersionDate "2015.07.17"]
[SourceQuality "1"]

1. d4 Nf6 2. c4 e6 3. Nf3 d5 4. g3 Be7 5. Bg2 0-0 6. 0-0 dxc4 7. Qc2 a6 8. Qxc4 b5 9. Qd3 Bb7 10. Ne5 Bxg2 11. Kxg2 Qd6 12. Qf3 Nbd7 13. Nc6 e5 14. Rd1 e4 15. Nxe7+ Qxe7 16. Qf5 c6 17. Nc3 b4 18. Na4 g6 19. Qg5 Qe6 20. Bf4 Nd5 21. h3 Rfe8 22. Nc5 Nxc5 23. dxc5 Nxf4+ 24. Qxf4 Rad8 1/2-1/2

[Event "ST-2013-0-00109"]
[Site "LSS email"]
[Date "2013.06.20"]
[Round "?"]
[White "Stastny, Pavel"]
[Black "Szabo, Vilmos"]
[Result "1/2-1/2"]
[WhiteElo "2413"]
[BlackElo "2515"]
[PlyCount "79"]
[EventDate "2013.02.03"]
[EventType "tourn (corr)"]
[EventRounds "6"]
[EventCountry "GER"]
[SourceTitle "Corr 2022"]
[Source "ChessBase"]
[SourceDate "2021.10.24"]
[SourceVersion "1"]
[SourceVersionDate "2021.10.24"]
[SourceQuality "1"]

1. e4 e5 2. Nf3 Nc6 3. Bb5 a6 4. Ba4 Nf6 5. 0-0 Be7 6. Re1 b5 7. Bb3 d6 8. c3 0-0 9. h3 Na5 10. Bc2 c5 11. d4 Qc7 12. Nbd2 cxd4 13. cxd4 Re8 14. b3 Nc6 15. Bb2 Bb7 16. Rc1 Qb6 17. Nf1 Rac8 18. d5 Nb4 19. Bb1 a5 20. Ne3 Na6 21. Nf5 Bf8 22. Qd2 h6 23. Qe3 Qxe3 24. Nxe3 Rxc1 25. Rxc1 Nc5 26. Nd2 Ba6 27. a3 b4 28. Nec4 Bxc4 29. Rxc4 Rb8 30. axb4 axb4 31. f4 exf4 32. Bxf6 gxf6 33. Bc2 Nd7 34. Kf2 Ne5 35. Rc7 h5 36. Nf3 Ra8 37. Nd4 Bh6 38. Nf5 Bf8 39. Nd4 Bh6 40. Nf5 1/2-1/2

[Event "SM-2012-0-00211"]
[Site "LSS email"]
[Date "2012.08.15"]
[Round "?"]
[White "Dos Santos, Marcos Antonio Melo"]
[Black "Stastny, Pavel"]
[Result "1/2-1/2"]
[WhiteElo "2294"]
[BlackElo "2329"]
[PlyCount "30"]
[EventDate "2012.07.14"]
[EventType "tourn (corr)"]
[EventRounds "6"]
[EventCountry "GER"]
[SourceTitle "Corr 2015"]
[Source "ChessBase"]
[SourceDate "2015.07.17"]
[SourceVersion "1"]
[SourceVersionDate "2015.07.17"]
[SourceQuality "1"]

1. d4 Nf6 2. c4 e6 3. Nc3 Bb4 4. e3 b6 5. Nge2 c5 6. a3 Ba5 7. Rb1 Qe7 8. Bd2 0-0 9. b4 cxb4 10. axb4 Bxb4 11. Rxb4 Qxb4 12. Nd5 Qa3 13. Bb4 Qb2 14. Bc3 Qa3 15. Bb4 Qb2 1/2-1/2

[Event "SM-2012-0-00211"]
[Site "LSS email"]
[Date "2012.08.14"]
[Round "?"]
[White "Pijl, Richard"]
[Black "Stastny, Pavel"]
[Result "1/2-1/2"]
[WhiteElo "2308"]
[BlackElo "2329"]
[PlyCount "51"]
[EventDate "2012.07.14"]
[EventType "tourn (corr)"]
[EventRounds "6"]
[EventCountry "GER"]
[SourceTitle "Telechess CBM 161"]
[Source "ChessBase"]
[SourceDate "2014.07.16"]
[SourceVersion "1"]
[SourceVersionDate "2014.07.16"]
[SourceQuality "1"]

1. e4 e5 2. Nf3 Nc6 3. Bb5 a6 4. Bxc6 dxc6 5. 0-0 f6 6. d4 exd4 7. Nxd4 c5 8. Nb3 Qxd1 9. Rxd1 Bg4 10. f3 Be6 11. Be3 b6 12. Nc3 Bd6 13. a4 a5 14. Nb5 0-0-0 15. Rd2 Be7 16. Bf4 Rxd2 17. Nxd2 Bd8 18. Nf1 Ne7 19. Rd1 g5 20. Bd2 g4 21. f4 f5 22. e5 Nc6 23. Be1 h5 24. Ne3 Rh7 25. Kf1 Rd7 26. Rxd7 1/2-1/2

[Event "SM-2011-0-00179"]
[Site "LSS email"]
[Date "2011.11.14"]
[Round "?"]
[White "Sidenko, Anatoly Viktorovich"]
[Black "Stastny, Pavel"]
[Result "0-1"]
[WhiteElo "2325"]
[BlackElo "2325"]
[PlyCount "140"]
[EventDate "2011.11.04"]
[EventType "tourn (corr)"]
[EventRounds "6"]
[EventCountry "GER"]
[SourceTitle "Telechess CBM 159"]
[Source "ChessBase"]
[SourceDate "2014.03.17"]
[SourceVersion "1"]
[SourceVersionDate "2014.03.17"]
[SourceQuality "1"]

1. d3 e5 2. Nf3 Nc6 3. c4 Nf6 4. a3 d5 5. cxd5 Nxd5 6. e4 Nb6 7. Be2 Be7 8. Be3 0-0 9. 0-0 f5 10. Qc2 f4 11. Bc5 Rf6 12. Nbd2 Rg6 13. Kh1 Bxc5 14. Qxc5 Bg4 15. b4 Nd7 16. Qc4+ Kh8 17. b5 Na5 18. Qc3 c6 19. a4 b6 20. h3 Bxf3 21. Nxf3 Qe7 22. Rfd1 c5 23. Rd2 Rd6 24. Bd1 g5 25. Kg1 h5 26. Nh2 Rh6 27. g3 Rf8 28. Rb1 Qe6 29. g4 Nf6 30. gxh5 Qxh3 31. Qxe5 Re8 32. Qb2 Nb3 33. Bg4 Qh4 34. Qxb3 Nxg4 35. f3 Ne5 36. Qc3 Qxh5 37. Rg2 Kh7 38. Rf1 Qf7 39. d4 cxd4 40. Qxd4 Qf6 41. Qd1 Rh8 42. Rff2 Qe7 43. Rc2 Rh3 44. Rc3 Kg6 45. Qc1 Kh5 46. Rc8 Rd8 47. Rxd8 Qxd8 48. Rd2 Qf6 49. Qd1 Qe6 50. Rf2 Qc4 51. Kg2 Rg3+ 52. Kh1 Qd3 53. Qxd3 Nxd3 54. Rg2 Kh4 55. Rd2 Ne5 56. Rd8 Kh5 57. Rh8+ Kg6 58. Rg8+ Kf6 59. Rf8+ Ke7 60. Ra8 Nd3 61. Rxa7+ Ke6 62. Nf1 Rxf3 63. Kg1 g4 64. Rc7 g3 65. Rc6+ Ke5 66. Rc2 Rf2 67. Rxf2 gxf2+ 68. Kh2 Kxe4 69. Kg2 Kd4 70. Kf3 Kc3 0-1

[Event "SM-2011-0-00162"]
[Site "LSS email"]
[Date "2011.07.06"]
[Round "?"]
[White "Dos Santos, Marcos Antonio Melo"]
[Black "Stastny, Pavel"]
[Result "1/2-1/2"]
[WhiteElo "2281"]
[BlackElo "2320"]
[PlyCount "45"]
[EventDate "2011.06.05"]
[EventType "tourn (corr)"]
[EventRounds "6"]
[EventCountry "GER"]
[SourceTitle "Telechess CBM 153"]
[Source "ChessBase"]
[SourceDate "2013.03.14"]
[SourceVersion "1"]
[SourceVersionDate "2013.03.14"]
[SourceQuality "1"]

1. Nf3 Nf6 2. c4 e6 3. g3 d5 4. d4 dxc4 5. Bg2 a6 6. Ne5 Bb4+ 7. Nc3 Nd5 8. 0-0 Nxc3 9. bxc3 Bxc3 10. Rb1 Qxd4 11. Qa4+ b5 12. Qa3 Qxe5 13. Bf4 Qf6 14. Bxc7 Be5 15. Bxe5 Qxe5 16. Bxa8 Qc7 17. Bg2 f6 18. Rfd1 Kf7 19. Rd6 Rd8 20. Rxd8 Qxd8 21. Qc5 Nd7 22. Qh5+ Kg8 23. a4 1/2-1/2

[Event "SM-2011-0-00162"]
[Site "LSS email"]
[Date "2011.07.06"]
[Round "?"]
[White "Stastny, Pavel"]
[Black "Schroeder, Christoph"]
[Result "1/2-1/2"]
[WhiteElo "2320"]
[BlackElo "2206"]
[PlyCount "51"]
[EventDate "2011.06.05"]
[EventType "tourn (corr)"]
[EventRounds "6"]
[EventCountry "GER"]
[SourceTitle "Telechess CBM 153"]
[Source "ChessBase"]
[SourceDate "2013.03.14"]
[SourceVersion "1"]
[SourceVersionDate "2013.03.14"]
[SourceQuality "1"]

1. e4 c5 2. Nf3 d6 3. d4 cxd4 4. Nxd4 Nf6 5. Nc3 g6 6. Be3 Bg7 7. f3 Nc6 8. Qd2 0-0 9. 0-0-0 d5 10. exd5 Nxd5 11. Nxc6 bxc6 12. Bd4 e5 13. Bc5 Be6 14. Ne4 Re8 15. h4 h6 16. h5 g5 17. c4 Qc7 18. Ba3 Bf8 19. Bxf8 Kxf8 20. Nc5 Nf6 21. Qd6+ Qxd6 22. Rxd6 Rac8 23. Be2 Ke7 24. Rhd1 Red8 25. Rxd8 Rxd8 26. Rxd8 1/2-1/2